Statistics for Best Universities in the World

Click here to take the quiz!

General Stats

  • This quiz has been taken 73 times
  • The average score is 23 of 50

Answer Stats

RankCountrySubdivisionUniversity% Correct
3United KingdomEnglandUniversity of Oxford
100%
4United StatesMassachusettsHarvard University
99%
2United KingdomEnglandUniversity of Cambridge
96%
1United StatesMassachusettsMassachusetts Institute of Technology
82%
9United KingdomEnglandUCL
76%
16United StatesConnecticutYale University
75%
5United StatesCaliforniaStanford University
72%
10United StatesCaliforniaUniversity of California, Berkeley (UCB)
72%
12United StatesPennsylvaniaUniversity of Pennsylvania
68%
29United StatesCaliforniaUniversity of California, Los Angeles (UCLA)
66%
11United StatesIllinoisUniversity of Chicago
65%
23United StatesNew YorkColumbia University
63%
17 (tie)United StatesNew JerseyPrinceton University
62%
38 (tie)United StatesNew YorkNew York University (NYU)
59%
7SwitzerlandZürichETH Zurich
56%
19 (tie)AustraliaNew South WalesThe University of Sydney
56%
21CanadaOntarioUniversity of Toronto
51%
22United KingdomScotlandThe University of Edinburgh
50%
33United StatesMichiganUniversity of Michigan-Ann Arbor
50%
15United StatesCaliforniaCalifornia Institute of Technology (Caltech)
49%
13United StatesNew YorkCornell University
49%
14AustraliaVictoriaThe University of Melbourne
49%
28 (tie)United StatesMarylandJohns Hopkins University
46%
28 (tie)JapanKantōThe University of Tokyo
44%
41South KoreaSeoulSeoul National University
43%
26 (tie)ChinaHong KongThe University of Hong Kong
43%
47 (tie)United StatesIllinoisNorthwestern University
40%
6United KingdomEnglandImperial College London
38%
32United KingdomEnglandThe University of Manchester
38%
43AustraliaQueenslandThe University of Queensland
38%
34 (tie)CanadaBritish ColumbiaUniversity of British Columbia
38%
30CanadaQuebecMcGill University
37%
37GermanyBavariaTechnical University of Munich
37%
45United KingdomEnglandThe London School of Economics and Political Science (LSE)
35%
40United KingdomEnglandKing's College London
31%
8SingaporeCentralNational University of Singapore (NUS)
29%
17 (tie)ChinaBeijingPeking University
26%
46JapanKansaiKyoto University
25%
25ChinaBeijingTsinghua University
25%
34 (tie)AustraliaAustralian Capital TerritoryAustralian National University (ANU)
22%
42AustraliaVictoriaMonash University
21%
26 (tie)SingaporeSouth WestNanyang Technological University, Singapore (NTU Singapore)
19%
19 (tie)AustraliaNew South WalesThe University of New South Wales (UNSW Sydney)
19%
44ChinaZhejiangZhejiang University
19%
47 (tie)ChinaHong KongThe Chinese University of Hong Kong (CUHK)
18%
24FranceÎle-de-FranceUniversité PSL
16%
36SwitzerlandVaudEPFL – École polytechnique fédérale de Lausanne
15%
47 (tie)NetherlandsSouth HollandDelft University of Technology
13%
50ChinaShanghaiFudan University
12%
38 (tie)FranceÎle-de-FranceInstitut Polytechnique de Paris
6%

Score Distribution

Percentile by Number Answered

Percent of People with Each Score

Your Score History

You have not taken this quiz